| 000 | 00929cab a2200241 4500 | ||
|---|---|---|---|
| 001 | WB3226-26 | ||
| 008 | 090401t1996 xxu||||| |||| 00| 0 eng d | ||
| 035 | _a(Sirsi) u44914 | ||
| 041 | _aeng | ||
| 245 | _aAlterations to local plan | ||
| 260 | _c1996 | ||
| 350 | _a0 | ||
| 490 |
_aEstates Gazette Case Summaries _v[1996] EGCS 108(1) (29/06/96) |
||
| 520 | _a"Hall Aggregates (South Coast) Ltd v New Forest DC" QBD 19 June 1996. Held that interests of applicant who extracted sand and gravel from a site had been prejudiced by proposed alterations to the local plan and thus the alterations could not stand. | ||
| 650 | _aAGGREGATES | ||
| 650 | _aHALL AGGREGATES SOUTH COAST LTD V NEW FOREST DC | ||
| 650 | _aLOCAL DEVELOPMENT PLANS | ||
| 650 | _aNEW FOREST HERITAGE AREA | ||
| 650 | _aTOWN AND COUNTRY PLANNING ACT 1990 S287 | ||
| 690 | _aPLANNING LAW AND PRACTICE-CASE LAW | ||
| 942 | _n0 | ||
| 948 | _c04/03/1997 | ||
| 999 |
_c28546 _d28546 |
||